[Event "Sligo Chess and Culture Festival Open 2026"]
[Site "Enniscrone IRL"]
[Date "2026.02.02"]
[Round "1.14"]
[White "Kim, Jimin"]
[Black "Fernandez Manrique, Agustin"]
[Result "0-1"]
[BlackTitle "CM"]
[WhiteElo "1775"]
[BlackElo "2039"]
[WhiteNationality "KOR"]
[BlackNationality "ESP"]
[WhiteFideId "13224271"]
[BlackFideId "2231000"]
[PlyCount "40"]
[FIDETournamentId "442761"]
[ICUTournamentId "3080"]
[ChessResultsKey "1241839"]
[Venue "Diamond Coast Hotel"]
[EventDate "2026.02.02"]
[BlackFullName "Fern&aacute;ndez Manrique, Agust&iacute;n"]

{ Event information: <a
href="https://www.irlchess.com/sligo-open2026_allfiles/pairings_sligo-open2026.html">Tournament
report</a>. }

1. e4 e6 2. d4 d5 3. Nc3 Bb4 4. Ne2 Nc6 5. a3 Ba5 6. b4 Bb6 7. Bb2 Nf6 8.
exd5 exd5 9. Na4 O-O 10. Nxb6 axb6 11. Ng3 Re8+ 12. Be2 Ne7 13. O-O Nf5 14.
Nxf5 Bxf5 15. Re1 Qd6 16. Qc1 Re7 17. Bd3 Bxd3 18. cxd3 Rae8 19. Qd2 Ng4
20. g3 Qh6 0-1

[Event "Sligo Chess and Culture Festival Open 2026"]
[Site "Enniscrone IRL"]
[Date "2026.02.03"]
[Round "2.17"]
[White "Alvarez Jimenez, Alfonso"]
[Black "Konig, Jon"]
[Result "1-0"]
[WhiteElo "1868"]
[BlackElo "1661"]
[WhiteNationality "ESP"]
[BlackNationality "ENG"]
[WhiteFideId "2297418"]
[BlackFideId "343468780"]
[PlyCount "103"]
[FIDETournamentId "442761"]
[ICUTournamentId "3080"]
[ChessResultsKey "1241839"]
[Venue "Diamond Coast Hotel"]
[EventDate "2026.02.02"]

{ Event information: <a
href="https://www.irlchess.com/sligo-open2026_allfiles/pairings_sligo-open2026.html">Tournament
report</a>. }

1. d4 f5 2. c4 Nf6 3. Nc3 e6 4. Nf3 Bb4 5. g3 O-O 6. Bg2 d6 7. O-O Nbd7 8.
Qb3 Bxc3 9. bxc3 Qe8 10. a4 Kh8 11. a5 Ne4 12. Ne1 e5 13. f3 Nef6 14. e3 e4
15. Ra2 Rb8 16. Raf2 b6 17. fxe4 fxe4 18. Qa4 Bb7 19. a6 Ba8 20. Bh3 c6 21.
Ba3 Qe7 22. Ng2 g5 23. Bf5 Kg8 24. Qd1 c5 25. g4 Rbd8 26. h4 h6 27. hxg5
hxg5 28. d5 Ne5 29. Be6+ Kg7 30. Ne1 Nfd7 31. Rf5 Rxf5 32. Rxf5 Rf8 33. Qe2
Rxf5 34. Bxf5 b5 35. Qh2 Nf6 36. cxb5 Bxd5 37. Bb2 Nexg4 38. Qg2 Be6 39.
Bxe4 d5 40. Bf3 Bf5 41. Qe2 c4 42. Bc1 Qe5 43. Qg2 Kg6 $2 (43... Qxc3 $19)
44. b6 Nxe3 $2 (44... axb6 45. Bxg4 Nxg4 46. a7 Qxc3 47. Qd2 Qe5 48. a8=Q
Qg3+ 49. Kf1 Nh2+ 50. Qxh2 Qxh2 $14) 45. Bxe3 (45. Bh5+ $3 $18) 45... Qxe3+
$16 46. Qf2 Qe8 47. b7 Qb8 48. Ng2 Ne4 49. Bxe4 Bxe4 50. Ne3 Qh8 51. Qh2
Qd8 52. b8=Q 1-0

[Event "Sligo Chess and Culture Festival Open 2026"]
[Site "Enniscrone IRL"]
[Date "2026.02.03"]
[Round "3.12"]
[White "Kim, Jimin"]
[Black "Machin Arbelo, Pedro Alexis"]
[Result "1-0"]
[WhiteElo "1775"]
[BlackElo "1950"]
[WhiteNationality "KOR"]
[BlackNationality "ESP"]
[WhiteFideId "13224271"]
[BlackFideId "2260972"]
[PlyCount "72"]
[FIDETournamentId "442761"]
[ICUTournamentId "3080"]
[ChessResultsKey "1241839"]
[Venue "Diamond Coast Hotel"]
[EventDate "2026.02.02"]

{ Event information: <a
href="https://www.irlchess.com/sligo-open2026_allfiles/pairings_sligo-open2026.html">Tournament
report</a>. }

1. e4 c5 2. Nf3 e6 3. d4 cxd4 4. Nxd4 Nf6 5. Nc3 Nc6 6. Ndb5 Bb4 7. a3
Bxc3+ 8. Nxc3 d5 9. Bd3 d4 10. Ne2 e5 11. h3 Qb6 12. O-O h6 13. f4 Be6 14.
b4 O-O-O 15. Bd2 Nxe4 16. Bxe4 d3+ 17. Kh2 dxe2 18. Qxe2 Nd4 19. Qe3 f5 20.
Bf3 e4 21. Bd1 Qd6 22. Qc3+ Kb8 23. Be3 Rd7 24. Qb2 Rc8 25. c3 Nb5 26. Ba4
Bc4 27. Rfd1 Qc7 28. Rxd7 Qxd7 29. Rd1 Qc7 30. Bxb5 Bxb5 31. Qf2 g5 32. g3
Qxc3 33. fxg5 hxg5 34. Bxg5 Qf3 35. Rd2 Re8 36. Qc5 a6 { (Time) } 1-0

[Event "Sligo Chess and Culture Festival Open 2026"]
[Site "Enniscrone IRL"]
[Date "2026.02.03"]
[Round "3.18"]
[White "Smith, Lynda"]
[Black "Vitiukov, Mykhailo"]
[Result "1-0"]
[WhiteTitle "WCM"]
[WhiteElo "1822"]
[BlackElo "1650"]
[WhiteNationality "WLS"]
[BlackNationality "UKR"]
[WhiteFideId "1800191"]
[BlackFideId "14168839"]
[PlyCount "107"]
[FIDETournamentId "442761"]
[ICUTournamentId "3080"]
[ChessResultsKey "1241839"]
[Venue "Diamond Coast Hotel"]
[EventDate "2026.02.02"]

{ Event information: <a
href="https://www.irlchess.com/sligo-open2026_allfiles/pairings_sligo-open2026.html">Tournament
report</a>. }

1. e4 e5 2. Nf3 d6 3. Nc3 Bg4 4. Be2 Bxf3 5. Bxf3 Nf6 6. O-O Be7 7. d3 Nbd7
8. Be3 c6 9. a4 O-O 10. Qe2 Qc7 11. g3 a6 12. a5 b5 13. axb6 Nxb6 14. d4
exd4 15. Bxd4 c5 16. Bxf6 Bxf6 17. e5 Rae8 18. exd6 Rxe2 19. dxc7 Rxc2 20.
Rxa6 Rxb2 21. Ne4 Be5 22. Nxc5 Bxc7 23. Rc1 Re8 24. Kg2 Bd8 25. Nb7 h6 26.
Rc6 Na8 27. Rc8 Nc7 28. Ra4 Ne6 29. Raa8 Rd2 30. Bg4 Rf8 31. Bxe6 fxe6 32.
Rxd8 Rxf2+ 33. Kh3 e5 34. Rxf8+ Rxf8 35. Rxf8+ Kxf8 36. Kg4 g6 37. Kf3 Ke7
38. Ke4 Kf6 39. Nc5 Kg5 40. h3 h5 41. Kxe5 h4 42. Ne4+ Kh6 43. g4 Kh7 44.
Kf6 Kh6 45. Nd2 Kh7 46. Nf3 Kh6 47. Nxh4 Kh7 48. Nxg6 Kh6 49. Ne5 Kh7 50.
h4 Kh6 51. Kf7 Kh7 52. g5 Kh8 53. Nc6 Kh7 54. g6+ 1-0

[Event "Sligo Chess and Culture Festival Open 2026"]
[Site "Enniscrone IRL"]
[Date "2026.02.04"]
[Round "4.2"]
[White "Krastev, Alexander"]
[Black "Risteski, Emil"]
[Result "1/2-1/2"]
[WhiteTitle "IM"]
[BlackTitle "IM"]
[WhiteElo "2433"]
[BlackElo "2410"]
[WhiteNationality "GER"]
[BlackNationality "MKD"]
[WhiteFideId "12989983"]
[BlackFideId "15005267"]
[PlyCount "61"]
[FIDETournamentId "442761"]
[ICUTournamentId "3080"]
[ChessResultsKey "1241839"]
[Venue "Diamond Coast Hotel"]
[EventDate "2026.02.02"]

{ Event information: <a
href="https://www.irlchess.com/sligo-open2026_allfiles/pairings_sligo-open2026.html">Tournament
report</a>. }

1. d4 Nf6 2. c4 e6 3. Nc3 Bb4 4. e3 O-O 5. Bd3 Re8 6. Ne2 d5 7. O-O Bf8 8.
e4 dxe4 9. Nxe4 Nxe4 10. Bxe4 e5 11. dxe5 Qxd1 12. Rxd1 Rxe5 13. Rd8 Rxe4
14. Rxc8 Rxe2 15. Kf1 Rc2 16. Be3 f6 17. Rd1 Kf7 18. Rdd8 Bd6 19. c5 Bxc5
20. Rxc7+ Be7 21. Rxb8 Rxc7 22. Rxa8 a6 23. b3 Bc5 24. Bxc5 Rxc5 25. g3 Rc2
26. Ra7 Rxa2 27. Rxb7+ Kg6 28. b4 a5 29. bxa5 Rxa5 30. Kg2 h5 31. h4
1/2-1/2

[Event "Sligo Chess and Culture Festival Open 2026"]
[Site "Enniscrone IRL"]
[Date "2026.02.04"]
[Round "4.7"]
[White "Alvarez Jimenez, Alfonso"]
[Black "Hushpit, Lukian"]
[Result "1-0"]
[WhiteElo "1868"]
[BlackElo "2100"]
[BlackICU "2133"]
[BlackClub "Sligo Juniors"]
[WhiteNationality "ESP"]
[BlackNationality "IRL"]
[WhiteFideId "2297418"]
[BlackFideId "14189208"]
[PlyCount "85"]
[FIDETournamentId "442761"]
[ICUTournamentId "3080"]
[ChessResultsKey "1241839"]
[Venue "Diamond Coast Hotel"]
[EventDate "2026.02.02"]

{ Event information: <a
href="https://www.irlchess.com/sligo-open2026_allfiles/pairings_sligo-open2026.html">Tournament
report</a>. }

1. d4 d5 2. c4 e6 3. Nc3 Nf6 4. Nf3 Be7 5. g3 O-O 6. Bg2 Nbd7 7. O-O c6 8.
a4 a5 9. cxd5 exd5 10. Qc2 Re8 11. e3 Bd6 12. Ne2 Ne4 13. Rd1 Ndf6 14. Nf4
h6 15. Nd3 Bg4 16. Rf1 Qb6 17. Nfe5 Bf5 18. Qd1 Nd7 19. g4 Be6 20. f4 Nxe5
21. dxe5 Bc5 22. Nxc5 Nxc5 23. f5 Bd7 24. Qd4 Ra6 25. e6 fxe6 26. f6 Rf8
27. fxg7 Rxf1+ 28. Bxf1 Ra8 29. Bd2 e5 30. Qxe5 Ne4 31. Ra3 Nxd2 32. Qf6
Qb4 33. e4 Qxe4 34. Qxh6 Qd4+ 35. Kh1 Qe4+ 36. Kg1 Qd4+ (36... Qe1 $19) 37.
Kh1 Re8 $4 (37... Qf2 $19) 38. Qh8+ Kf7 39. g8=Q+ Rxg8 40. Qxd4 Ne4 41.
Rf3+ Ke6 42. h3 c5 43. Qe3 1-0

[Event "Sligo Chess and Culture Festival Open 2026"]
[Site "Enniscrone IRL"]
[Date "2026.02.05"]
[Round "5.7"]
[White "Gulljord, Birk"]
[Black "Ribeiro, Gustavo"]
[Result "0-1"]
[BlackTitle "FM"]
[WhiteElo "1923"]
[BlackElo "2276"]
[WhiteNationality "NOR"]
[BlackNationality "POR"]
[WhiteFideId "1542753"]
[BlackFideId "1941852"]
[PlyCount "120"]
[FIDETournamentId "442761"]
[ICUTournamentId "3080"]
[ChessResultsKey "1241839"]
[Venue "Diamond Coast Hotel"]
[EventDate "2026.02.02"]

{ Event information: <a
href="https://www.irlchess.com/sligo-open2026_allfiles/pairings_sligo-open2026.html">Tournament
report</a>. }

1. d4 Nf6 2. c4 e6 3. Nf3 d5 4. g3 Be7 5. Bg2 Ne4 6. O-O f5 7. Nc3 Nd7 8.
cxd5 Nxc3 9. bxc3 exd5 10. Qb3 Nb6 11. Ne5 O-O 12. a4 a5 13. e4 fxe4 14.
Bxe4 Bf5 15. Bg2 h6 16. g4 Bh7 17. f4 Ra6 18. f5 h5 19. h3 c6 20. Rb1 Bg5
21. Bxg5 Qxg5 22. c4 hxg4 23. hxg4 dxc4 24. Nxc4 Nxc4 25. Qxc4+ Kh8 26.
Rxb7 Raa8 27. Qxc6 Qxg4 28. Qe4 Qg5 29. Rb5 Rae8 30. Qf4 Qd8 31. Re5 Qd7
32. d5 Rb8 33. Rfe1 Qd6 34. Qe3 Rbd8 35. Qg5 Qc5+ 36. Kh1 Rd6 37. Re6 Qb4
38. f6 gxf6 39. Qh6 Rd7 40. Re8 Kg8 41. Rxf8+ Qxf8 42. Qh5 Re7 43. Qg4+ Kh8
44. Rxe7 Qxe7 45. Qc8+ Kg7 46. Qe6 $2 (46. Qg4+ $10) 46... Qxe6 47. dxe6
$19 { This is easily winning for Black. } 47... Kf8 48. Kh2 Ke7 49. Kg3
Kxe6 50. Kf4 Kd6 51. Bf1 Kc5 52. Ke3 Kb4 53. Kd2 Kxa4 54. Kc1 Kb3 55. Bg2
a4 56. Bd5+ Kc3 57. Be6 Bc2 58. Bd5 a3 59. Ba2 f5 60. Bd5 f4 0-1

[Event "Sligo Chess and Culture Festival Open 2026"]
[Site "Enniscrone IRL"]
[Date "2026.02.05"]
[Round "5.14"]
[White "Armstrong, Chris"]
[Black "McGill, Derek"]
[Result "0-1"]
[WhiteElo "1646"]
[BlackElo "1853"]
[WhiteUCU "1631"]
[WhiteClub "Belfast South"]
[WhiteNationality "IRL"]
[BlackNationality "IRL"]
[WhiteFideId "2510340"]
[BlackFideId "2510375"]
[PlyCount "80"]
[FIDETournamentId "442761"]
[ICUTournamentId "3080"]
[ChessResultsKey "1241839"]
[Venue "Diamond Coast Hotel"]
[EventDate "2026.02.02"]

{ Event information: <a
href="https://www.irlchess.com/sligo-open2026_allfiles/pairings_sligo-open2026.html">Tournament
report</a>. }

1. e4 c6 2. d4 d5 3. e5 c5 4. dxc5 Nc6 5. Bb5 e6 6. Be3 Ne7 7. a3 Bd7 8.
Bxc6 Nxc6 9. Nf3 Qc7 10. Bd4 Nxd4 11. Qxd4 Bxc5 12. Qd2 Bc6 13. O-O a5 14.
Re1 O-O 15. c3 Qb6 16. Nd4 Bd7 17. a4 Rfc8 18. h3 Bxd4 19. cxd4 Rc4 20. Rd1
Bxa4 21. Na3 Rb4 22. Nc2 Bxc2 23. Qxc2 h6 24. Rac1 Rxb2 25. Qa4 Qb5 26.
Qxb5 Rxb5 27. Rc7 a4 28. Rdc1 a3 29. Rc8+ Rxc8 30. Rxc8+ Kh7 31. Ra8 Rb1+
32. Kh2 Rb3 33. Ra7 Kg6 34. f3 b5 35. Kg3 b4 36. Ra4 Rb2 37. h4 a2 38. f4
h5 39. Kf3 Rb3+ 40. Kf2 Ra3 0-1

[Event "Sligo Chess and Culture Festival Open 2026"]
[Site "Enniscrone IRL"]
[Date "2026.02.05"]
[Round "5.17"]
[White "Melling, Jonathon"]
[Black "Smith, Lynda"]
[Result "1-0"]
[BlackTitle "WCM"]
[WhiteElo "1878"]
[BlackElo "1822"]
[WhiteICU "1902"]
[WhiteClub "Ennis"]
[WhiteNationality "IRL"]
[BlackNationality "WLS"]
[WhiteFideId "841790"]
[BlackFideId "1800191"]
[PlyCount "57"]
[FIDETournamentId "442761"]
[ICUTournamentId "3080"]
[ChessResultsKey "1241839"]
[Venue "Diamond Coast Hotel"]
[EventDate "2026.02.02"]

{ Event information: <a
href="https://www.irlchess.com/sligo-open2026_allfiles/pairings_sligo-open2026.html">Tournament
report</a>. }

1. d4 f5 2. Bf4 Nf6 3. e3 e6 4. Nf3 b6 5. Be2 Bb7 6. h3 Be7 7. c4 O-O 8.
Nc3 Ne4 9. O-O d6 10. Nd2 Nxd2 11. Qxd2 Nd7 12. Rad1 a6 13. Bh2 Qe8 14.
Rfe1 Qg6 15. Bf1 Rf6 16. f4 Qh6 17. e4 fxe4 18. Nxe4 Rg6 19. g3 Rf8 20. Bg2
d5 21. Nf2 c5 22. Ng4 Qh5 23. Ne5 Nxe5 24. Rxe5 Qh6 25. Qe2 Rf5 26. Rxf5
exf5 27. Qxe7 Bc6 28. Bxd5+ Bxd5 29. Qe8# 1-0

[Event "Sligo Chess and Culture Festival Open 2026"]
[Site "Enniscrone IRL"]
[Date "2026.02.05"]
[Round "5.19"]
[White "Prado, Alexandra"]
[Black "Konig, Jon"]
[Result "1-0"]
[WhiteTitle "WCM"]
[WhiteElo "1924"]
[BlackElo "1661"]
[WhiteNationality "BOL"]
[BlackNationality "ENG"]
[WhiteFideId "3301346"]
[BlackFideId "343468780"]
[PlyCount "48"]
[FIDETournamentId "442761"]
[ICUTournamentId "3080"]
[ChessResultsKey "1241839"]
[Venue "Diamond Coast Hotel"]
[EventDate "2026.02.02"]

{ Event information: <a
href="https://www.irlchess.com/sligo-open2026_allfiles/pairings_sligo-open2026.html">Tournament
report</a>. }

1. e4 d5 2. exd5 Qxd5 3. Nc3 Qd8 4. Nf3 Nf6 5. g3 Bf5 6. Bg2 c6 7. O-O e6
8. d3 Be7 9. Nh4 Bg6 10. Nxg6 hxg6 11. Qe2 Nbd7 12. a4 a5 13. Bd2 Nb6 14.
Rfe1 O-O 15. Bf3 Qc7 16. Kg2 Rfe8 17. h4 Nh7 18. Rh1 g5 19. hxg5 Nxg5 20.
Bf4 Qd7 21. Be4 g6 22. Be5 Nh7 23. Rxh7 Kxh7 24. Rh1+ Kg8 1-0

[Event "Sligo Chess and Culture Festival Open 2026"]
[Site "Enniscrone IRL"]
[Date "2026.02.06"]
[Round "7.17"]
[White "Salmin, Vitaliy"]
[Black "Dolan, Peter"]
[Result "0-1"]
[WhiteElo "1802"]
[BlackElo "1781"]
[WhiteICU "1893"]
[WhiteClub "Blanchardstown"]
[WhiteNationality "IRL"]
[BlackNationality "SCO"]
[WhiteFideId "34147885"]
[BlackFideId "2413612"]
[PlyCount "164"]
[FIDETournamentId "442761"]
[ICUTournamentId "3080"]
[ChessResultsKey "1241839"]
[Venue "Diamond Coast Hotel"]
[EventDate "2026.02.02"]

{ Event information: <a
href="https://www.irlchess.com/sligo-open2026_allfiles/pairings_sligo-open2026.html">Tournament
report</a>. }

1. e4 c5 2. d4 e6 3. Nf3 cxd4 4. c3 d5 5. e5 dxc3 6. Nxc3 Nc6 7. Bd3 Nge7
8. Bg5 Qa5 9. O-O Ng6 10. Qe2 a6 11. Rfd1 Bd7 12. Bd2 Qc7 13. Bxg6 hxg6 14.
Rac1 Be7 15. b4 b5 16. a4 Qb8 17. axb5 axb5 18. Nxb5 O-O 19. Nbd4 Nxd4 20.
Nxd4 Ra2 21. Ra1 Qa7 22. Rxa2 Qxa2 23. Bc3 Ra8 24. f4 Qxe2 25. Nxe2 Ra2 26.
Rd2 Rxd2 27. Bxd2 f6 28. Kf2 Bd8 29. Be3 Kf7 30. Nc3 Bc7 31. Bd4 g5 32. g3
gxf4 33. gxf4 Kg6 34. b5 Kf5 35. b6 Bb8 36. Kf3 Bc6 37. exf6 gxf6 38. Ne2
Bb5 39. Ng3+ Kg6 40. h4 e5 41. h5+ Kf7 42. fxe5 fxe5 43. Bc5 Kf6 44. Kg4
Bd7+ 45. Kh4 Bc6 46. h6 Kg6 47. Nf5 Be8 48. Ne7+ Kxh6 49. Nxd5 Kg6 50. Kg4
Bd7+ 51. Kf3 $4 (51. Kg3 $10) 51... Bc6 $19 52. Ke4 Kf7 53. Be3 Ke6 54. Bf2
Bxd5+ 55. Kd3 e4+ 56. Kd4 Bb7 57. Be3 Kf5 58. Bg1 Be5+ 59. Ke3 Bf6 60. Bf2
Be7 61. Ke2 Kf4 62. Be3+ Ke5 63. Kd2 Bb4+ 64. Kc2 Kd5 65. Kb3 Bc5 66. Bf4
Bxb6 67. Kc3 Bd4+ 68. Kd2 Bc8 69. Ke2 Kc4 70. Kd2 Bg1 71. Bg5 Bg4 72. Bf4
Bf2 73. Bg5 Kd5 74. Bf4 Ke6 75. Bg5 Kf5 76. Bh6 Bg3 77. Bg7 Bf4+ 78. Ke1 e3
79. Bc3 Ke4 80. Bb4 Kd3 81. Ba5 e2 82. Kf2 Bd2 0-1

[Event "Sligo Chess and Culture Festival Open 2026"]
[Site "Enniscrone IRL"]
[Date "2026.02.07"]
[Round "8.8"]
[White "McGill, Derek"]
[Black "Rosol, Philip"]
[Result "0-1"]
[WhiteElo "1853"]
[BlackElo "2271"]
[WhiteNationality "IRL"]
[BlackNationality "POL"]
[WhiteFideId "2510375"]
[BlackFideId "1664905"]
[PlyCount "52"]
[FIDETournamentId "442761"]
[ICUTournamentId "3080"]
[ChessResultsKey "1241839"]
[Venue "Diamond Coast Hotel"]
[EventDate "2026.02.02"]

{ Event information: <a
href="https://www.irlchess.com/sligo-open2026_allfiles/pairings_sligo-open2026.html">Tournament
report</a>. }

1. c4 e6 2. g3 d5 3. cxd5 exd5 4. d4 Nf6 5. Nc3 c6 6. Bg2 Bd6 7. Qc2 Na6 8.
a3 O-O 9. Bf4 Bxf4 10. gxf4 Nh5 11. e3 Re8 12. O-O-O b5 13. Na2 Qd6 14. b4
g6 15. Bf1 Nc7 16. Qc5 Qf6 17. Bd3 a5 18. Kb2 axb4 19. Nxb4 Bd7 20. Ne2 Na6
21. Nxa6 Rxa6 22. Nc3 Rb8 23. Ra1 Ng7 24. Kc2 Bf5 25. Rhb1 Ne6 26. Qd6 $4 (
{ White was lost anyway, e.g. } 26. Qb4 c5 $1 27. dxc5 Rc6 { and Black's
attack is crushing. }) 26... Nxd4+ 0-1

[Event "Sligo Chess and Culture Festival Open 2026"]
[Site "Enniscrone IRL"]
[Date "2026.02.07"]
[Round "8.10"]
[White "Halvorsen, Benjamin"]
[Black "Alvarez Jimenez, Alfonso"]
[Result "1-0"]
[WhiteElo "2007"]
[BlackElo "1868"]
[WhiteNationality "NOR"]
[BlackNationality "ESP"]
[WhiteFideId "1516604"]
[BlackFideId "2297418"]
[PlyCount "41"]
[FIDETournamentId "442761"]
[ICUTournamentId "3080"]
[ChessResultsKey "1241839"]
[Venue "Diamond Coast Hotel"]
[EventDate "2026.02.02"]

{ Event information: <a
href="https://www.irlchess.com/sligo-open2026_allfiles/pairings_sligo-open2026.html">Tournament
report</a>. }

1. e4 c5 2. Nf3 d6 3. d4 cxd4 4. Nxd4 Nf6 5. Nc3 g6 6. Be3 Bg7 7. f3 O-O 8.
Qd2 Nc6 9. O-O-O Bd7 10. g4 Rc8 11. h4 h5 12. g5 Ne8 13. f4 Nb4 14. Kb1 Bg4
15. Be2 Bxe2 16. Ndxe2 Nc6 17. f5 Ne5 18. Qd5 Nc4 19. Bd4 Bxd4 20. Rxd4 Rc5
$4 ({ White has a huge advantage anyway after } 20... b5 (20... Ne3 21.
Qxb7) 21. fxg6) 21. Qxc5 1-0

[Event "Sligo Chess and Culture Festival Open 2026"]
[Site "Enniscrone IRL"]
[Date "2026.02.07"]
[Round "8.11"]
[White "Gulljord, Birk"]
[Black "Fathallah, Joe"]
[Result "1/2-1/2"]
[WhiteElo "1923"]
[BlackElo "1956"]
[WhiteNationality "NOR"]
[BlackNationality "WLS"]
[WhiteFideId "1542753"]
[BlackFideId "1801899"]
[PlyCount "136"]
[FIDETournamentId "442761"]
[ICUTournamentId "3080"]
[ChessResultsKey "1241839"]
[Venue "Diamond Coast Hotel"]
[EventDate "2026.02.02"]

{ Event information: <a
href="https://www.irlchess.com/sligo-open2026_allfiles/pairings_sligo-open2026.html">Tournament
report</a>. }

1. d4 Nf6 2. c4 e6 3. Nf3 Bb4+ 4. Bd2 c5 5. Bxb4 cxb4 6. g3 O-O 7. Bg2 d5
8. Nbd2 Nc6 9. e3 Qe7 10. O-O Rd8 11. Qc2 a5 12. a3 bxa3 13. Rxa3 Bd7 14.
Ne5 Nxe5 15. dxe5 Ng4 16. Qc3 Qc5 17. h3 Nh6 18. cxd5 Qxc3 19. bxc3 exd5
20. g4 Ra7 21. Nb3 b6 22. Nd4 Rc7 23. Rb1 Re8 24. f4 Bxg4 25. hxg4 Nxg4 26.
Nf5 g6 27. Nd6 Rb8 28. Bxd5 Nxe3 29. Bxf7+ Rxf7 30. Nxf7 Kxf7 31. Rxa5 Ke6
32. Ra6 Nd5 33. c4 Nxf4 34. c5 Kxe5 35. cxb6 Kd6 36. b7+ Kc7 37. Ra4 Ne6
38. Rc4+ Kd7 39. Rd1+ Ke7 40. Rb4 Ng5 41. Rd5 Nf7 42. Rc5 Kd7 43. Rd4+ Ke6
44. Rc6+ Ke7 45. Rc7+ Ke6 46. Rdd7 Nd6 47. Rxh7 Kf6 48. Rhd7 Ke6 49. Kg2
Kd5 50. Kf3 Rf8+ 51. Ke2 Rb8 52. Kd1 Ke6 53. Kc2 Ke5 54. Kb3 Ke6 55. Kb4 g5
56. Kc5 Ne4+ 57. Kb6 Nd6 58. Rxd6+ Kxd6 59. Rc8 $4 (59. Rg7 { wins easily.
}) 59... Rxb7+ 60. Kxb7 $10 Ke5 61. Rc4 Kf5 62. Kc6 g4 63. Kd5 g3 64. Rh4
g2 65. Rh8 Kf4 66. Rf8+ Kg3 67. Rg8+ Kf2 68. Rf8+ Kg3 1/2-1/2

[Event "Sligo Chess and Culture Festival Open 2026"]
[Site "Enniscrone IRL"]
[Date "2026.02.08"]
[Round "9.11"]
[White "Morriss, Pete"]
[Black "Kelbas, Dariy"]
[Result "1-0"]
[WhiteElo "1931"]
[BlackElo "1866"]
[WhiteICU "1909"]
[BlackICU "2022"]
[WhiteClub "Galway"]
[WhiteNationality "IRL"]
[BlackNationality "UKR"]
[WhiteFideId "2500230"]
[BlackFideId "34160515"]
[PlyCount "79"]
[FIDETournamentId "442761"]
[ICUTournamentId "3080"]
[ChessResultsKey "1241839"]
[Venue "Diamond Coast Hotel"]
[EventDate "2026.02.02"]

{ Event information: <a
href="https://www.irlchess.com/sligo-open2026_allfiles/pairings_sligo-open2026.html">Tournament
report</a>. }

1. c4 Nf6 2. Nc3 g6 3. g3 Bg7 4. Bg2 O-O 5. e4 d6 6. Nge2 a6 7. O-O e5 8.
d3 Nc6 9. Nd5 Nxd5 10. cxd5 Ne7 11. f4 c5 12. Rb1 f6 13. b4 b6 14. Be3 Bd7
15. a4 Qc8 16. a5 cxb4 17. Bxb6 Bh3 18. Rxb4 Bxg2 19. Kxg2 Qd7 20. Rc4 Rfc8
21. Qb3 Rxc4 22. dxc4 Rb8 23. c5 Nc8 24. c6 Qe7 25. Qc4 Ra8 26. Rb1 f5 27.
Bf2 Bh6 28. c7 exf4 29. Nxf4 Bxf4 30. gxf4 fxe4 31. Rb8 e3 32. Rxa8 Qd7 33.
Qxa6 Qg4+ 34. Bg3 Kg7 35. Rxc8 Qf5 36. Rg8+ Kh6 37. c8=Q Qxd5+ 38. Kg1 Qd1+
39. Qf1 e2 40. Qh3# 1-0